| 000 | 00775nac a22002537a 4500 | ||
|---|---|---|---|
| 001 | BR0204175 | ||
| 003 | BR-BrBNA | ||
| 005 | 20240105122704.0 | ||
| 008 | 230509b bl.|||m| |||| 00| 0 por d | ||
| 040 |
_aBR-BrBNA _bpor _cBiblioteca Nacional de Agricultura |
||
| 072 | _aP33 | ||
| 090 | _aP33 BR0204175 | ||
| 100 | 1 | _aKochhann, R.A. | |
| 100 | 1 | _aDenardin, J.E. | |
| 100 | 1 | _aBerton, A.L. | |
| 110 | 1 |
_aEMBRAPA Trigo, Passo Fundo, RS (Brasil) _93754 |
|
| 245 | 1 | _aCompactação e descompactação de solos | |
| 260 | 3 |
_aPasso Fundo, RS (Brasil): _c2000. |
|
| 300 | _a20 p. | ||
| 490 |
_aDocumentos - EMBRAPA Trigo (Brazil) _vno. 19 _xISSN 1516-5582 |
||
| 650 | _aCOMPACTAÇÃO DO SOLO | ||
| 909 |
_a202312 _bLúcia Elande _c55 _dLúcia Elande |
||
| 942 |
_2AGRIS _n0 _cMS |
||
| 999 |
_c292332 _d292332 |
||